Divinités de la mythologie scandinave - Statistiques

Statistiques générales
  • Ce quiz a été pris 458 fois
  • Le résultat moyen est 6 sur 12
Statistiques - réponses
Rôles/Attributs Divinités % Correct
Tonnerre Thor
98%
Père de toute chose Odin
97%
Malice Loki
87%
Morts Hel
56%
Amour Freyja
37%
Guerre Tyr
37%
Fertilité Freyr
36%
Beauté Baldr
31%
Protection Heimdall
30%
Océan Njord
21%
Froid Skadi
15%
Poésie Bragi
14%
Aucun quiz correspondant
Distribution des résultats
% des personnes avec chaque résultat
Percentile par nombre de réponses
Votre historique - résultats
Vous n’avez pas pris ce quiz